01476cam a2200361 a 45000010005000000030006000050050017000110080041000280100017000690200015000860200018001010400023001190410013001420500026001550820022001811000029002032450148002322500027003802600033004073000041004405050007004815200231004885210018007195210018007376000038007556500080007936500048008736500043009216510047009647000038010117000031010497000034010802420FISKH20241101133348.0941013s1995 nyua 000 0aeng  a 94041379  a0385473788 a9780553577129 aDLCcDLCdDLCbeng1 aenghdut00aDS135.N6bF73313 199500a940.53/18/0922201 aFrank, Anne,d1929-1945.14aThe diary of a young girl :bthe definitive edition /cAnne Frank ; edited by Otto H. Frank and Mirjam Pressler ; translated by Susan Massotty. aBantam edition in 1997 aNew York :bDoubleday,c1995 a335 pages :billustrations ;c20 cm  aQ  aA thirteen-year-old Dutch-Jewish girl records her impressions of the two years she and seven others spent hiding from the Nazis before they were discovered and taken to concentration camps. Includes entries previously omitted.8 a670 bLexile 8 aQ bRaz-Plus 10aFrank, Anne,d1929-1945xDiaries. 0aHolocaust, Jewish (1939-1945)zNetherlandszAmsterdamxPersonal narratives. 0aJewsxPersecutionszNetherlandszAmsterdam. 0aJewszNetherlandszAmsterdamxDiaries. 0aAmsterdam (Netherlands)xEthnic relations.1 aFrank, Otto,d1889-1980.eEditor 1 aPressler, Mirjam.eEditor 1 aMassotty, Susan.eTranslator